| 000 | 00711nam a22002417a 4500 | ||
|---|---|---|---|
| 003 | OSt | ||
| 005 | 20170518102817.0 | ||
| 008 | 170220b xxu||||| |||| 00| 0 eng d | ||
| 020 | _a0202011836 | ||
| 040 |
_aMMU _cMMU _dMMU _beng |
||
| 050 | 0 | 0 | _aGN365.9.E97 1992 |
| 100 | _aAden eric smith | ||
| 245 | 0 | 0 |
_aEvolutionary ecology and human behavior / _cEric Alden Smith |
| 260 |
_aNew York : _bAldine de Gruyter, _cc1992. |
||
| 300 | _axv, 470 p. : | ||
| 440 | 0 | _aFoundations of human behavior | |
| 500 | _aIncludes bibliographical references and indexes. | ||
| 650 | 0 | _aHuman | |
| 650 | 0 | _aBehavior evolution. | |
| 650 | 0 | _aSociobiology. | |
| 700 | 1 | _aWinterhalder, Bruce. | |
| 942 |
_2lcc _cLOAN LOAN |
||
| 999 |
_c23222 _d23222 |
||